000
00226nam a22000857a 4500
008
170209b xxu||||| |||| 00| 0 eng d
100
_9
2837
_a
CBSE
245
_a
CBSE CCE Question Bank Mathematics-X
260
_a
New Delhi
_b
Oswell
_c
2012
999
_c
6053
_d
6053